| 000 | 00523cam a22001934a 4500 | ||
|---|---|---|---|
| 005 | 20250605164224.0 | ||
| 008 | 250528s ||||||||||||||||||||||||d | ||
| 035 | _a20779 | ||
| 020 | _a9600212708 | ||
| 040 |
_aGR-AtMCL _bgre _dGR-AtMCL _eAACR2 |
||
| 245 | 1 | _aΨΥΧΟΜΕΤΡΙΑ ΚΑΙ ΨΥΧΟΛΟΓΙΚΗ ΑΞΙΟΛΟΓΗΣΗ | |
| 250 | _a2 | ||
| 260 |
_bΠαπαζήση, _c1998 |
||
| 300 | _a470 | ||
| 700 | 1 |
_aΚουλακογλου Καρινα _96742 |
|
| 942 | _cBK | ||
| 999 |
_c5862 _d5862 |
||